| 000 | 00610nac a22001691u 4500 | ||
|---|---|---|---|
| 008 | 081201t2004 ii |||||r|||| 001 0 eng d | ||
| 010 | _a77028589 | ||
| 020 | _a0070588805 | ||
| 082 | 0 | 0 |
_a657.42076 _bCAS _222 |
| 100 |
_aCashin, James A. _933534 |
||
| 245 | 1 | 0 |
_aSchaum's outline of theory and problems of cost accounting / _cby James A. Cashin and Ralph S. Polimeni, Sheila A. Handy. |
| 260 |
_aNew Delhi : _bMcGraw-Hill, _c2004. |
||
| 300 |
_a226 p. : _bill. ; _c28 cm. |
||
| 500 | _aIncludes index. | ||
| 740 | _aOutline of theory and problems of cost accounting. | ||
| 942 |
_cBB _k657.42076CAS _2ddc |
||
| 999 |
_c1055 _d1055 |
||